|
|
|
|
| LEADER |
00000cam a2200000 7i4500 |
| 001 |
0000002653 |
| 005 |
20070419093000.0 |
| 008 |
021118s1987 io ind |
| 090 |
0 |
0 |
|a BP166.7
|b .O815
|
| 100 |
1 |
|
|a Othman, Ali Issa ,
|e author
|
| 245 |
1 |
0 |
|a Manusia menurut al-Ghazali
|c Ali Issa Othman ; penerjemah Johan Smit, Anas Nahyuddin, Yusuf
|
| 260 |
2 |
|
|a Bandung :
|b Pustaka ,
|c 1987
|
| 300 |
|
|
|a 311 p. ;
|c 21 cm.
|
| 440 |
|
0 |
|a Seri pustaka sufi
|v no. 1
|
| 500 |
|
|
|a Translation of: The concept of man in Islam in the writings of al-Ghazali
|
| 600 |
0 |
0 |
|a Ghazzali ,
|d 1058-1111
|
| 650 |
|
0 |
|a Theological anthropology
|
| 740 |
4 |
2 |
|a The concept of man in Islam in the writings of al-Ghazali
|
| 999 |
|
|
|a 1000006456
|b Book
|c OPEN SHELF (30 DAYS)
|e Gong Badak Campus
|